000 00286nam a22001217a 4500
008 250825b |||||||| |||| 00| 0 eng d
040 _a02
100 _aSINGH,HARKISHAN
245 _aPRACTICAL PHARMACEUTICAL CHEMISTRY
260 _aDELHI
_bVALLABH
_c2022
300 _a208
942 _c01
999 _c65997
_d65997